Türk Ticaret Kanunu / (Record no. 13314)

MARC details
000 -BAŞLIK
Sabit Uzunlukta Kontrol Alanı 00823nam a22002417a 4500
999 ## - SİSTEM KONTROL NUMARALARI (KOHA)
Koha Biblionumber 13314
Koha Biblioitemnumber 13314
001 - KONTROL NUMARASI
Denetim Alanı 17250
003 - KONTROL NUMARASI IDENTIFIER
Denetim Alanı MIRAKIL
005 - SON İŞLEM TARİHİ VE ZAMANI
Denetim Alanı 20190617113708.0
008 - SABİT-BOY VERİ ELEMANLARI - GENEL BİLGİLER
Sabit Uzunlukta Kontrol Alanı 190617b tu ||||| |||| 00| 0 tur d
020 ## - ULUSLARARASI STANDART KİTAP NUMARASI
Uluslararası Standart Kitap Numarası 9789755552002
040 ## - KATALOGLAMA KAYNAK
Orijinal Kataloglama Ajansı TR-AnCHP
Kataloglama Dili tur
Metne Dönüştürmek Ajansı TR-AnCHP
041 ## - DİL KODU
Metin / Ses Parça Veya Ayrı Başlığın Dil Kodu tur
082 ## - DEWEY ONLU SINIFLANDIRMA NUMARASI
Sınıflandırma Numarası 346.0702632
Ürün Numarası T96 2011
245 ## - BAŞLIK TABLOSU
Başlık Türk Ticaret Kanunu /
Sorumluluk Tablosu, Vb hazırlayanlar Bumin Doğrusöz, Öznur Onat, Funda Tunçel Töralp.
260 ## - YAYIN, DAĞITIM, VB
Yayın, Dağıtım, Vb Yeri İstanbul:
Yayıncı, Dağıtıcı, Vs Adı İstanbul Serbest Muhasebeci Mali Müşavirler Odası (İSMMMO),
Yayın, Dağıtım, Vb Tarihi 2011.
300 ## - FİZİKSEL TANIM
Kapsam 696 s.:
Boyutlar 19 sm.
490 ## - SERİSİ TABLOSU
Seri Beyanı İSMMMO yayınları ;
-- Mevzuat serisi;
Hacim / Ardışık Tanımı 142.
-- 9.
650 ## - KONU KATMA GİRİŞ - TOPİKAL DÖNEM
Topikal Süreli Veya Coğrafi Ad Giriş Elemanı Ticaret hukuku
Genel Alt Bölümü Kanunlar
Coğrafi Alt Bölümü Türkiye
700 ## - KATMA GİRİŞ - KİŞİSEL İSİM
9 (RLIN) 5815
Kişisel Ad Doğrusöz, Bumin
Relator Terim haz.
700 ## - KATMA GİRİŞ - KİŞİSEL İSİM
9 (RLIN) 5816
Kişisel Ad Onat, Öznur
Relator Terim haz.
700 ## - KATMA GİRİŞ - KİŞİSEL İSİM
9 (RLIN) 5817
Kişisel Ad Töralp, Funda Tunçel
Relator Terim haz.
942 ## - EKLENDİ GİRİŞ ELEMANLARI (KOHA)
Sınıflandırma Veya Raf Düzeni Kaynak Dewey Decimal Classification
Koha Öğesi Türü Books
Holdings
Kalıcı Konum Mevcut Konum Edinme Tarihi Toplam Check-Out'Lar Tam Çağrı Numarası Barkod Tarih Son Görülme İtibaren Geçerli Fiyatlar Koha Öğesi Türü
CHP Kütüphanesi CHP Kütüphanesi 06/17/2019   346.0702632 T96 2011 019210 06/17/2019 06/17/2019 Books